[Event "1st VAM op"]
[Site "Hoogeveen NED"]
[Date "1997.10.10"]
[Round "1.2"]
[White "Nijboer, Friso"]
[Black "Lanchava, Tea"]
[Result "1-0"]
[WhiteElo "2605"]
[BlackElo "2275"]
[EventDate "1997.10.10"]
[PlyCount "61"]

1.e4 d6 2.d4 g6 3.Nf3 Bg7 4.c3 Nf6 5.Bd3 O-O 6.O-O c6 7.Re1 Na6 8.h3 Nh5 
9.Na3 Nc7 10.Be3 b5 11.Qd2 a6 12.Rad1 Nf6 13.Bh6 Bb7 14.e5 dxe5 15.dxe5 
Nfd5 16.c4 Nb6 17.Re4 f5 18.Rd4 Qc8 19.Bxg7 Kxg7 20.Rh4 Rh8 21.Qa5 Nbd5 
22.cxd5 Nxd5 23.e6 h6 24.Qe1 Qb8 25.Ne5 g5 26.Rd4 c5 27.Rxd5 Bxd5 28.Bxf5 
Qb7 29.Nf7 Rhg8 30.Qe5+ Kf8 31.Rxd5 1-0

[Event "1st VAM op"]
[Site "Hoogeveen NED"]
[Date "1997.10.10"]
[Round "1.6"]
[White "Van Rijn, Wouter"]
[Black "Greenfeld, Alon"]
[Result "0-1"]
[WhiteElo "2235"]
[BlackElo "2540"]
[EventDate "1997.10.10"]
[PlyCount "52"]

1.e4 c5 2.Nf3 d6 3.d4 cxd4 4.Nxd4 Nf6 5.Nc3 Nc6 6.Be2 e5 7.Nb3 Be7 8.Be3 
Be6 9.Bf3 O-O 10.g4 a5 11.Nc1 a4 12.Nd5 Nd4 13.Bxd4 exd4 14.Qxd4 Nxd5 15.
exd5 Bf6 16.Qb4 Bd7 17.a3 Rc8 18.c3 b5 19.Ne2 Be5 20.Qe4 f5 21.gxf5 Bxf5 
22.Qe3 Re8 23.Qd2 Qh4 24.O-O-O Qc4 25.Nd4 Bxd4 26.Qxd4 Qa2 0-1

[Event "1st VAM op"]
[Site "Hoogeveen NED"]
[Date "1997.10.10"]
[Round "1.7"]
[White "De Vreugt, Dennis"]
[Black "Hendriks, Richard V"]
[Result "1/2-1/2"]
[WhiteElo "2295"]
[BlackElo "2321"]
[EventDate "1997.10.10"]
[PlyCount "25"]

1.e4 e5 2.Nf3 Nc6 3.Bb5 f5 4.Nc3 fxe4 5.Nxe4 Nf6 6.Qe2 d5 7.Nxf6+ gxf6 8.
d4 Bg7 9.c4 Bg4 10.h3 Bxf3 11.Qxf3 O-O 12.cxd5 Nxd4 13.Qd3 1/2-1/2

[Event "1st VAM op"]
[Site "Hoogeveen NED"]
[Date "1997.10.10"]
[Round "1.9"]
[White "Visser, Yge"]
[Black "Azadmanesh, Moosa"]
[Result "1/2-1/2"]
[WhiteElo "2380"]
[BlackElo "2110"]
[EventDate "1997.10.10"]
[PlyCount "97"]

1.e4 c5 2.Nf3 d6 3.g3 Nf6 4.d3 Nc6 5.Bg2 e6 6.O-O Be7 7.Re1 d5 8.Nbd2 b6 
9.a3 Qc7 10.c3 Ba6 11.exd5 exd5 12.Nb3 O-O 13.d4 Rad8 14.Bg5 Ne4 15.Bxe7 
Nxe7 16.Nbd2 Bb7 17.Rc1 Nf5 18.Nf1 f6 19.b4 Nfd6 20.Ne3 Qf7 21.Bf1 c4 22.
Nd2 Rde8 23.f3 Nxd2 24.Qxd2 Re7 25.Ng2 Rfe8 26.Rxe7 Rxe7 27.Re1 g5 28.Rxe7
Qxe7 29.Ne3 Qe6 30.Be2 Bc8 31.Bd1 Nf5 32.Kf2 Nxe3 33.Qxe3 Qxe3+ 34.Kxe3 
Bd7 35.f4 Kg7 36.Bh5 h6 37.h4 Kf8 38.Bg6 Kg7 39.Bh5 Kf8 40.Bf3 Be6 41.fxg5
fxg5 42.hxg5 hxg5 43.Bh5 Bf5 44.Kf3 Ke7 45.Bg4 Kf6 46.Bxf5 Kxf5 47.b5 g4+ 
48.Ke3 Kg5 49.Kd2 1/2-1/2

[Event "1st VAM op"]
[Site "Hoogeveen NED"]
[Date "1997.10.10"]
[Round "1.10"]
[White "Bronstein, David Ionovich"]
[Black "Jap Tjoen San, Linda"]
[Result "0-1"]
[WhiteElo "2420"]
[BlackElo "2175"]
[EventDate "1997.10.10"]
[PlyCount "74"]

1.e4 c5 2.Nf3 d6 3.d4 cxd4 4.Nxd4 Nf6 5.Nc3 e6 6.Bc4 Be7 7.Be3 O-O 8.Qe2 
a6 9.a4 Nc6 10.O-O Bd7 11.Nxc6 Bxc6 12.a5 Qe8 13.Bd4 Rc8 14.Bd3 e5 15.Be3 
Qd7 16.Rfd1 h6 17.f3 Qc7 18.Bb6 Qb8 19.Bc4 Bd7 20.Nd5 Nxd5 21.Bxd5 Be6 22.
c4 Bd8 23.b4 Bxd5 24.exd5 f5 25.Rdc1 Bg5 26.Rc2 Rce8 27.c5 e4 28.c6 exf3 
29.Qxf3 Re4 30.c7 Qc8 31.Re2 Rxb4 32.Rae1 Qd7 33.Qc3 Re4 34.Rxe4 fxe4 35.
Rxe4 Qb5 36.Re1 Bf6 37.Rc1 Bxc3 0-1

[Event "1st VAM op"]
[Site "Hoogeveen NED"]
[Date "1997.10.10"]
[Round "1.11"]
[White "Ernst, Sipke"]
[Black "Rogers, Ian"]
[Result "0-1"]
[WhiteElo "2270"]
[BlackElo "2570"]
[EventDate "1997.10.10"]
[PlyCount "90"]

1.e4 Nc6 2.d4 d5 3.exd5 Qxd5 4.Nf3 e5 5.dxe5 Qxd1+ 6.Kxd1 Bg4 7.Be2 O-O-O+
8.Nbd2 Bxf3 9.Bxf3 Nxe5 10.Ke2 Nf6 11.Ne4 Nxf3 12.Kxf3 Nxe4 13.Kxe4 Bc5 
14.Kf3 Rd5 15.Be3 Bxe3 16.fxe3 Rd2 17.Rac1 Rhd8 18.g4 R8d6 19.Kg3 Re6 20.
Rhe1 f6 21.Kf3 Rxh2 22.Rh1 Rxh1 23.Rxh1 h6 24.Rh2 Kd7 25.Kf4 Rd6 26.Rg2 
Ke6 27.Re2 Rd1 28.Rg2 b5 29.a3 a5 30.Ke4 Rb1 31.c3 Rd1 32.Rc2 Rg1 33.Kf4 
Rf1+ 34.Ke4 f5+ 35.gxf5+ Rxf5 36.b4 Rh5 37.bxa5 Rh4+ 38.Kf3 Ra4 39.c4 bxc4
40.a6 Ke5 41.Rc1 c5 42.a7 Rxa7 43.Rxc4 Kd5 44.Rf4 c4 45.Rf8 c3 0-1

[Event "1st VAM op"]
[Site "Hoogeveen NED"]
[Date "1997.10.10"]
[Round "1.13"]
[White "Hofman, Ron"]
[Black "Ligterink, Gert"]
[Result "0-1"]
[WhiteElo "2230"]
[BlackElo "2450"]
[EventDate "1997.10.10"]
[PlyCount "46"]

1.d4 Nf6 2.c4 e6 3.a3 d5 4.Nc3 c6 5.e3 Nbd7 6.Nf3 Bd6 7.Qc2 O-O 8.Be2 e5 
9.cxd5 cxd5 10.Nb5 Bb8 11.dxe5 Nxe5 12.Bd2 Ne4 13.Nbd4 Re8 14.O-O a6 15.
Rac1 Nxf3+ 16.Nxf3 Bg4 17.Bb4 Qf6 18.Bc3 Qh6 19.g3 Bh3 20.Rfd1 Nxf2 21.
Kxf2 Qxe3+ 22.Ke1 Qxf3 23.Be5 Qg2 0-1

[Event "1st VAM op"]
[Site "Hoogeveen NED"]
[Date "1997.10.10"]
[Round "1.14"]
[White "Pel, Bonno"]
[Black "Bosch, Jeroen"]
[Result "0-1"]
[WhiteElo "2150"]
[BlackElo "2405"]
[EventDate "1997.10.10"]
[PlyCount "88"]

1.Nc3 c5 2.Nf3 e6 3.d4 cxd4 4.Nxd4 a6 5.g3 Nf6 6.Bg2 Nc6 7.O-O Qc7 8.Nxc6 
bxc6 9.Na4 Rb8 10.c4 c5 11.Bf4 d6 12.Qd3 Be7 13.b3 Bd7 14.Nc3 O-O 15.Rad1 
Rb6 16.Rfe1 Rd8 17.e4 Ng4 18.Qe2 Ne5 19.Be3 Rbb8 20.f4 Nc6 21.Qf2 Be8 22.
Rd2 Qa5 23.Ne2 Qb4 24.Nc1 Qb6 25.Nd3 Nb4 26.Nxb4 Qxb4 27.Red1 Rbc8 28.Rd3 
a5 29.a4 Bc6 30.e5 d5 31.cxd5 exd5 32.f5 c4 33.bxc4 dxc4 34.Rd4 Bxa4 35.
Rf1 Bc5 36.Rg4 Be8 37.f6 g6 38.Kh1 a4 39.e6 Bxe3 40.Qxe3 fxe6 41.Qxe6+ Bf7
42.Qe3 a3 43.Rh4 Qf8 44.Be4 c3 0-1

[Event "1st VAM op"]
[Site "Hoogeveen NED"]
[Date "1997.10.11"]
[Round "2.3"]
[White "Rogers, Ian"]
[Black "Bosch, Jeroen"]
[Result "1/2-1/2"]
[WhiteElo "2570"]
[BlackElo "2405"]
[EventDate "1997.10.10"]
[PlyCount "31"]

1.d4 d5 2.Bg5 f6 3.Bh4 Nh6 4.e3 Nf5 5.Bd3 h5 6.Bxf5 Bxf5 7.h3 e6 8.Bg3 h4 
9.Bh2 c5 10.Bxb8 Rxb8 11.Nf3 Kf7 12.Nbd2 Bg6 13.O-O cxd4 14.exd4 Qc7 15.
Rc1 b5 16.Re1 1/2-1/2

[Event "1st VAM op"]
[Site "Hoogeveen NED"]
[Date "1997.10.11"]
[Round "2.5"]
[White "Greenfeld, Alon"]
[Black "Van Haastert, Edwin"]
[Result "1-0"]
[WhiteElo "2540"]
[BlackElo "2345"]
[EventDate "1997.10.10"]
[PlyCount "51"]

1.d4 Nf6 2.c4 c5 3.d5 b5 4.Nf3 Bb7 5.Qc2 bxc4 6.e4 e6 7.Bxc4 exd5 8.exd5 
Qe7+ 9.Kd1 Qd6 10.Bg5 Bxd5 11.Bxd5 Qxd5+ 12.Kc1 Be7 13.Re1 Nc6 14.Bxf6 
gxf6 15.Nc3 Qh5 16.Ne4 O-O 17.Ng3 Qh6+ 18.Re3 Rfe8 19.Nf5 Qf4 20.g3 Qc7 
21.Qe2 Qd8 22.Nh6+ Kg7 23.Nh4 Ne5 24.N4f5+ Kf8 25.Qh5 Ng6 26.Ng4 1-0

[Event "1st VAM op"]
[Site "Hoogeveen NED"]
[Date "1997.10.11"]
[Round "2.7"]
[White "Ligterink, Gert"]
[Black "Jap Tjoen San, Linda"]
[Result "1-0"]
[WhiteElo "2450"]
[BlackElo "2175"]
[EventDate "1997.10.10"]
[PlyCount "103"]

1.d4 Nf6 2.c4 e6 3.Nf3 b6 4.g3 Bb7 5.Bg2 d5 6.Ne5 Nbd7 7.Nc3 Bb4 8.Qa4 c5 
9.O-O Bxc3 10.bxc3 O-O 11.cxd5 exd5 12.Rd1 Re8 13.Bf4 Qe7 14.Nxd7 Nxd7 15.
c4 cxd4 16.cxd5 Nc5 17.Qxd4 Qxe2 18.Be3 Qh5 19.Qf4 Rad8 20.Bxc5 bxc5 21.
Rac1 Qe2 22.d6 Bxg2 23.Kxg2 Rd7 24.Qf5 Red8 25.Qxc5 Qxa2 26.Rc4 Qe2 27.
Rcd4 h6 28.R1d3 Qe6 29.Qc6 Qg6 30.Qa6 Qf6 31.h4 Qe5 32.Qc6 a5 33.Re4 Qf5 
34.Rf3 Qg6 35.Re8+ Kh7 36.h5 Qxd6 37.Qc2+ g6 38.Rxd8 Rxd8 39.Rxf7+ Kg8 40.
hxg6 Qd5+ 41.f3 Rf8 42.Rxf8+ Kxf8 43.Qc3 Kg8 44.Qc7 Qa2+ 45.Kh3 Qe6+ 46.g4
Qxg6 47.Qxa5 Qd3 48.Qa8+ Kg7 49.Qe4 Qf1+ 50.Kg3 Qg1+ 51.Kf4 Qc1+ 52.Qe3 
1-0

[Event "1st VAM op"]
[Site "Hoogeveen NED"]
[Date "1997.10.11"]
[Round "2.8"]
[White "Hendriks, Richard V"]
[Black "Visser, Yge"]
[Result "0-1"]
[WhiteElo "2321"]
[BlackElo "2380"]
[EventDate "1997.10.10"]
[PlyCount "102"]

1.e4 e6 2.d4 d5 3.Nc3 Nf6 4.Bg5 Bb4 5.e5 h6 6.Bd2 Bxc3 7.bxc3 Ne4 8.Qg4 
Kf8 9.h4 c5 10.Rh3 Nc6 11.Bd3 Nxd2 12.Kxd2 c4 13.Be2 b5 14.Rf3 a5 15.a3 
Bd7 16.Nh3 Ra6 17.Nf4 Ne7 18.Nh5 Rh7 19.Rh1 Nf5 20.Qf4 Be8 21.Rfh3 b4 22.
g4 Ne7 23.g5 bxc3+ 24.Kxc3 a4 25.Kd2 Qa5+ 26.c3 Rb6 27.Bd1 Rb2+ 28.Bc2 Qb6
29.gxh6 Rxh6 30.Nf6 Nf5 31.Ng4 Rh5 32.Ne3 Nxe3 33.Rxe3 Rxc2+ 34.Kxc2 Qb3+ 
35.Kc1 Qxa3+ 36.Kb1 Qb3+ 37.Ka1 f6 38.Rg3 Qa3+ 39.Kb1 Qb3+ 40.Ka1 Qa3+ 41.
Kb1 Bg6+ 42.Rxg6 Qb3+ 43.Ka1 Qxc3+ 44.Ka2 Qc2+ 45.Ka1 Qxg6 46.exf6 Qxf6 
47.Qg4 Rf5 48.Rb1 Rf4 49.Rb8+ Ke7 50.Qh5 Qxd4+ 51.Kb1 Qd3+ 0-1

[Event "1st VAM op"]
[Site "Hoogeveen NED"]
[Date "1997.10.11"]
[Round "2.14"]
[White "Pel, Bonno"]
[Black "Ernst, Sipke"]
[Result "0-1"]
[WhiteElo "2150"]
[BlackElo "2270"]
[EventDate "1997.10.10"]
[PlyCount "72"]

1.Nc3 e5 2.Nf3 Nc6 3.d4 exd4 4.Nxd4 Nf6 5.Bg5 Bb4 6.Nxc6 Bxc3+ 7.bxc3 bxc6
8.g3 h6 9.Be3 O-O 10.Bg2 Re8 11.O-O Ba6 12.Re1 Rxe3 13.fxe3 Ng4 14.Qd4 Qg5
15.Bh3 Nxe3 16.Qxd7 Qc5 17.Qd4 Qxd4 18.cxd4 Nxc2 19.Kf2 Nxe1 20.Rxe1 Re8 
21.Bg2 Rd8 22.Ke3 Rd6 23.Bf3 Kf8 24.Rc1 Bb5 25.a4 Bxa4 26.Ra1 Bb5 27.Rxa7 
Rd7 28.Ra8+ Ke7 29.Bg4 Rd8 30.Ra7 Kd6 31.Ra1 c5 32.Rb1 cxd4+ 33.Kxd4 c6 
34.Rf1 f6 35.Rf2 Ra8 36.e4 Ra3 0-1

[Event "1st VAM op"]
[Site "Hoogeveen NED"]
[Date "1997.10.12"]
[Round "3.4"]
[White "Visser, Yge"]
[Black "Rogers, Ian"]
[Result "0-1"]
[WhiteElo "2380"]
[BlackElo "2570"]
[EventDate "1997.10.10"]
[PlyCount "68"]

1.e4 c5 2.Nf3 Nc6 3.g3 g6 4.Bg2 Bg7 5.O-O e5 6.d3 Nge7 7.Be3 d6 8.c3 O-O 
9.Na3 b6 10.d4 Ba6 11.Re1 exd4 12.cxd4 d5 13.dxc5 dxe4 14.Ng5 Qxd1 15.
Raxd1 Bxb2 16.Bc1 Bxc1 17.Rxc1 f5 18.f3 Nd4 19.fxe4 f4 20.gxf4 Rxf4 21.Kh1
Rg4 22.e5 Rf8 23.Ne4 Bb7 24.Nc4 Rf2 25.Nf6+ Rxf6 26.Bxb7 Rf2 27.Ne3 Rh4 
28.Ng2 Rh5 29.cxb6 axb6 30.e6 Kg7 31.Rf1 Rhf5 32.Rxf2 Rxf2 33.Ne3 Rxa2 34.
Nd5 Nf3 0-1

[Event "1st VAM op"]
[Site "Hoogeveen NED"]
[Date "1997.10.12"]
[Round "3.5"]
[White "Barsov, Alexei"]
[Black "Van der Weide, Karel"]
[Result "1-0"]
[WhiteElo "2445"]
[BlackElo "2375"]
[EventDate "1997.10.10"]
[PlyCount "93"]

1.d4 Nf6 2.Nf3 g6 3.Nc3 d5 4.Bf4 Bg7 5.e3 c6 6.Be2 Nbd7 7.Ne5 Nxe5 8.Bxe5 
O-O 9.h4 Qa5 10.Qd2 b5 11.a3 Be6 12.h5 Rfc8 13.hxg6 hxg6 14.Bd3 Qd8 15.f3 
a6 16.O-O-O c5 17.dxc5 Rxc5 18.g4 Rac8 19.Bd4 R5c6 20.Ne2 Qd6 21.g5 Nh5 
22.Bxg7 Kxg7 23.Nd4 Rb6 24.Kb1 Bd7 25.f4 b4 26.a4 b3 27.cxb3 Rcb8 28.Bc2 
Kf8 29.f5 Ke8 30.a5 Rb4 31.fxg6 fxg6 32.Qd3 Kd8 33.Qxg6 Qxg6 34.Bxg6 Ng3 
35.Rhg1 e5 36.Nc2 Rg4 37.Rxd5 Rxg5 38.Bd3 Rxb3 39.Bxa6 Ke7 40.Bc4 Rb8 41.
a6 Bc6 42.a7 Ra8 43.Ra5 Be4 44.Rxg3 Bxc2+ 45.Kxc2 Rxg3 46.Bd5 Rc8+ 47.Kd3 
1-0

[Event "1st VAM op"]
[Site "Hoogeveen NED"]
[Date "1997.10.12"]
[Round "3.9"]
[White "Van Rijn, Wouter"]
[Black "De Jong, Migchiel"]
[Result "0-1"]
[WhiteElo "2235"]
[BlackElo "2325"]
[EventDate "1997.10.10"]
[PlyCount "70"]

1.e4 e6 2.d4 d5 3.e5 c5 4.c3 Qb6 5.Nf3 Bd7 6.Be2 Bb5 7.O-O Bxe2 8.Qxe2 Qa6
9.Qc2 cxd4 10.cxd4 Nd7 11.Nc3 Rc8 12.Bd2 Bb4 13.Rfc1 Ne7 14.Qb3 Bxc3 15.
Bxc3 Nb6 16.Bb4 Nc6 17.Rc2 Qb5 18.Rac1 Kd7 19.Bd6 Qxb3 20.axb3 Na8 21.Kf1 
Nc7 22.Bxc7 Rxc7 23.Ke2 Rhc8 24.Ke3 h6 25.h4 h5 26.Nd2 f6 27.f4 Ne7 28.
Rxc7+ Rxc7 29.Rxc7+ Kxc7 30.Nf3 Nf5+ 31.Kd3 Kc6 32.exf6 gxf6 33.b4 Kb5 34.
Ng5 fxg5 35.fxg5 Nxh4 0-1

[Event "1st VAM op"]
[Site "Hoogeveen NED"]
[Date "1997.10.12"]
[Round "3.14"]
[White "De Vreugt, Dennis"]
[Black "Bednar, Jaromir"]
[Result "1-0"]
[WhiteElo "2295"]
[BlackElo "2230"]
[EventDate "1997.10.10"]
[PlyCount "81"]

1.e4 d5 2.exd5 Nf6 3.d4 Nxd5 4.c4 Nb6 5.Nf3 g6 6.Nc3 Bg7 7.Be2 O-O 8.O-O 
Nc6 9.c5 Nd5 10.Re1 e5 11.Bg5 Qd7 12.Qb3 Nxc3 13.bxc3 exd4 14.Rad1 Qf5 15.
cxd4 Nxd4 16.Rxd4 Bxd4 17.Be7 Bg7 18.Bc4 Bd7 19.Qxb7 Rfb8 20.Qxc7 Bc3 21.
Rf1 Rc8 22.Qg3 Bf6 23.Bd6 Re8 24.h4 Bc6 25.Ng5 Bd5 26.Bd3 Qd7 27.h5 h6 28.
Nh3 g5 29.Bc2 Kh8 30.Kh2 Qe6 31.f4 g4 32.Nf2 Rg8 33.Qd3 g3+ 34.Kh1 Rg7 35.
f5 Bxg2+ 36.Kxg2 gxf2+ 37.Kxf2 Bh4+ 38.Kf3 Rg3+ 39.Bxg3 Qc6+ 40.Qe4 Qxe4+ 
41.Bxe4 1-0

[Event "1st VAM op"]
[Site "Hoogeveen NED"]
[Date "1997.10.12"]
[Round "3.15"]
[White "Vogel, Jaap"]
[Black "Pel, Bonno"]
[Result "0-1"]
[WhiteElo "2285"]
[BlackElo "2150"]
[EventDate "1997.10.10"]
[PlyCount "75"]

1.Nf3 d6 2.d4 g6 3.g3 Bg7 4.Bg2 Nf6 5.b3 O-O 6.Bb2 Nbd7 7.Nbd2 c5 8.O-O 
Ne8 9.c4 a6 10.Qc2 Rb8 11.d5 Bxb2 12.Qxb2 b5 13.e4 Nb6 14.Qc2 Qc7 15.Ne1 
Bd7 16.Nd3 Ng7 17.Rae1 bxc4 18.bxc4 Na4 19.Nb3 Qa7 20.h4 a5 21.Kh2 Nb6 22.
Nd2 Bc8 23.Bh3 Bxh3 24.Kxh3 Qd7+ 25.Kg2 e6 26.Rb1 exd5 27.cxd5 f5 28.f3 
Qe7 29.Nf4 Qf6 30.Rb5 Nd7 31.Rfb1 Rxb5 32.Rxb5 fxe4 33.Nxe4 Qf5 34.Qc3 Nh5
35.Ne6 Qxd5 36.Nxf8 Nxf8 37.Qb3 Qxb3 38.axb3 0-1

[Event "1st VAM op"]
[Site "Hoogeveen NED"]
[Date "1997.10.13"]
[Round "4.2"]
[White "Rogers, Ian"]
[Black "Barsov, Alexei"]
[Result "1-0"]
[WhiteElo "2570"]
[BlackElo "2445"]
[EventDate "1997.10.10"]
[PlyCount "60"]

1.d4 e6 2.Nf3 d5 3.c4 Nf6 4.g3 dxc4 5.Bg2 Nc6 6.O-O Rb8 7.Nc3 a6 8.Ne5 
Nxe5 9.dxe5 Qxd1 10.Rxd1 Nd7 11.f4 b5 12.a4 b4 13.Ne4 Bb7 14.Nd2 Bxg2 15.
Kxg2 c3 16.bxc3 bxc3 17.Nc4 c2 18.Rf1 Nc5 19.Ra2 Rb4 20.Rxc2 Rxa4 21.Be3 
Nd7 22.Nd2 c5 23.Rb1 Be7 24.Rb7 Rb4 25.Ra7 Rb8 26.Nc4 f6 27.Rd2 Rd8 28.Rb2
fxe5 29.fxe5 Rb8 30.Ra2 Rf8 1-0

[Event "1st VAM op"]
[Site "Hoogeveen NED"]
[Date "1997.10.13"]
[Round "4.6"]
[White "Ligterink, Gert"]
[Black "Ernst, Sipke"]
[Result "1-0"]
[WhiteElo "2450"]
[BlackElo "2270"]
[EventDate "1997.10.10"]
[PlyCount "59"]

1.d4 d5 2.c4 c6 3.Nc3 Nf6 4.e3 g6 5.Nf3 Bg7 6.Bd3 O-O 7.O-O a6 8.Bd2 dxc4 
9.Bxc4 Bg4 10.h3 Bxf3 11.Qxf3 Nbd7 12.Bb3 e5 13.Rad1 Qe7 14.dxe5 Nxe5 15.
Qe2 Rad8 16.e4 Nh5 17.Be3 Qh4 18.Rxd8 Rxd8 19.Rd1 Bf8 20.Rxd8 Qxd8 21.g4 
Ng7 22.f4 Nd3 23.e5 Ne8 24.Ne4 Nb4 25.e6 fxe6 26.Bxe6+ Kg7 27.a3 Nc7 28.
Bb3 Nbd5 29.Bd4+ Kf7 30.Ng5+ 1-0

[Event "1st VAM op"]
[Site "Hoogeveen NED"]
[Date "1997.10.13"]
[Round "4.10"]
[White "De Vreugt, Dennis"]
[Black "Van Haastert, Edwin"]
[Result "1-0"]
[WhiteElo "2295"]
[BlackElo "2345"]
[EventDate "1997.10.10"]
[PlyCount "71"]

1.Nf3 Nf6 2.g3 d5 3.Bg2 Bf5 4.O-O e6 5.d3 h6 6.Nbd2 Be7 7.b3 O-O 8.Bb2 a5 
9.a4 Nbd7 10.e3 c6 11.Qe2 Bh7 12.e4 dxe4 13.Nxe4 Nxe4 14.dxe4 Qb6 15.Rad1 
Rfd8 16.Nd2 Qc5 17.Nc4 b5 18.Ba3 b4 19.Bc1 Qa7 20.Bb2 Nb6 21.Qg4 Bf8 22.
Ne5 Qc7 23.Rfe1 c5 24.Bf1 Rxd1 25.Rxd1 Rd8 26.Rxd8 Qxd8 27.Bd3 Qd6 28.Nxf7
Kxf7 29.e5 Qd5 30.Bxh7 c4 31.Be4 Qd7 32.Bd4 Nd5 33.Qg6+ Kg8 34.Qh7+ Kf7 
35.Bg6+ Ke7 36.Qg8 1-0

[Event "1st VAM op"]
[Site "Hoogeveen NED"]
[Date "1997.10.13"]
[Round "4.11"]
[White "Bosboom, Manuel"]
[Black "Hofman, Ron"]
[Result "1-0"]
[WhiteElo "2430"]
[BlackElo "2230"]
[EventDate "1997.10.10"]
[PlyCount "91"]

1.d4 Nf6 2.c4 c6 3.Nc3 d5 4.Nf3 e6 5.Bg5 h6 6.Bh4 dxc4 7.e4 g5 8.Bg3 b5 9.
Be2 Bb4 10.Qc2 g4 11.Ne5 Qxd4 12.O-O h5 13.Rad1 Qc5 14.Rd8+ Kxd8 15.Nxf7+ 
Ke8 16.Nxh8 Qf8 17.e5 Nd5 18.Qh7 Bxc3 19.Qxh5+ Kd7 20.bxc3 Nxc3 21.Bxg4 
Kc7 22.Nf7 Nxa2 23.Nd6 Bd7 24.Qh7 Kb6 25.Qb1 Nc3 26.Qb4 Qg8 27.Nxc4+ Kb7 
28.Nd6+ Kb6 29.Ra1 a5 30.Nc4+ Kb7 31.Nxa5+ Kc8 32.Bf3 Nd5 33.Bxd5 exd5 34.
e6 Qxe6 35.Qh4 Na6 36.Nb3 Qe4 37.Qh8+ Qe8 38.Qg7 Kb7 39.h4 c5 40.Rxa6 Rxa6
41.Nxc5+ Ka7 42.Nxd7 Ka8 43.Nc5 Ra7 44.Qd4 Qh5 45.Qf6 Qe8 46.Qd6 1-0

[Event "1st VAM op"]
[Site "Hoogeveen NED"]
[Date "1997.10.13"]
[Round "4.12"]
[White "De Boer, Sybolt"]
[Black "Tindall, Brett"]
[Result "1-0"]
[WhiteElo "2290"]
[BlackElo "2190"]
[EventDate "1997.10.10"]
[PlyCount "47"]

1.d4 e6 2.c4 Nf6 3.g3 d5 4.Bg2 Bb4+ 5.Bd2 Be7 6.Nf3 O-O 7.O-O c6 8.Qc2 
Nbd7 9.Bf4 Nh5 10.Bc1 Nhf6 11.b3 b6 12.Rd1 Bb7 13.Nc3 Rc8 14.e4 c5 15.exd5
exd5 16.Bb2 Qc7 17.cxd5 Nxd5 18.Nxd5 Bxd5 19.dxc5 Bxf3 20.Bxf3 Bxc5 21.Qf5
Nb8 22.Be4 f6 23.Qxh7+ Kf7 24.Qg6+ 1-0

[Event "1st VAM op"]
[Site "Hoogeveen NED"]
[Date "1997.10.13"]
[Round "4.15"]
[White "Hendriks, Richard V"]
[Black "Van Rijn, Wouter"]
[Result "0-1"]
[WhiteElo "2321"]
[BlackElo "2235"]
[EventDate "1997.10.10"]
[PlyCount "96"]

1.e4 c5 2.Nf3 Nc6 3.d4 cxd4 4.Nxd4 Nf6 5.Nc3 e5 6.Ndb5 d6 7.Bg5 a6 8.Na3 
b5 9.Bxf6 gxf6 10.Nd5 Bg7 11.Bd3 Ne7 12.Nxe7 Qxe7 13.c4 f5 14.O-O O-O 15.
Qh5 Qb7 16.Rae1 f4 17.g3 b4 18.Nb1 fxg3 19.fxg3 Qa7+ 20.Kg2 Qd4 21.Qe2 a5 
22.a4 Be6 23.b3 Qa7 24.Qh5 Qd7 25.h3 Kh8 26.Nd2 Rg8 27.Rf5 Bf8 28.Nf1 Rg6 
29.Ne3 Be7 30.Nd5 Rag8 31.Re3 Bg5 32.Ref3 Rh6 33.Rxg5 Bxh3+ 34.Kh2 Rxh5 
35.Rxh5 Bg4 36.Rxh7+ Kxh7 37.Nf6+ Kg6 38.Nxd7 Bxf3 39.Kg1 Bd1 40.c5 Rd8 
41.c6 Rc8 42.Bb5 Bxb3 43.Nb6 Rc7 44.Na8 Ra7 45.Nb6 Be6 46.Bc4 Rc7 47.Bd5 
b3 48.Nc4 Rxc6 0-1

[Event "1st VAM op"]
[Site "Hoogeveen NED"]
[Date "1997.10.14"]
[Round "5.3"]
[White "Nijboer, Friso"]
[Black "Bosch, Jeroen"]
[Result "0-1"]
[WhiteElo "2605"]
[BlackElo "2405"]
[EventDate "1997.10.10"]
[PlyCount "74"]

1.e4 c5 2.Nf3 g6 3.d4 cxd4 4.Qxd4 Nf6 5.e5 Nc6 6.Qa4 Nd5 7.Qe4 Ndb4 8.c3 
d5 9.Qe2 Na6 10.Bf4 Bg7 11.Qe3 Qb6 12.Qxb6 axb6 13.Nbd2 Nc5 14.Bb5 Bd7 15.
Be2 O-O 16.O-O Na4 17.c4 d4 18.Nb3 Bg4 19.h3 Bxf3 20.Bxf3 Nxb2 21.Bxc6 
bxc6 22.Nxd4 Rfc8 23.Nf3 Nxc4 24.a4 Nb2 25.a5 bxa5 26.Ra2 Nd3 27.Bg5 Nxe5 
28.Nxe5 Bxe5 29.Bxe7 c5 30.Rc1 c4 31.Ra4 c3 32.f4 Bg7 33.Rc2 Rab8 34.Rxa5 
Rb2 35.Rc1 Bd4+ 36.Kh2 Be3 37.Rxc3 Bxf4+ 0-1

[Event "1st VAM op"]
[Site "Hoogeveen NED"]
[Date "1997.10.14"]
[Round "5.5"]
[White "Barsov, Alexei"]
[Black "Ligterink, Gert"]
[Result "1/2-1/2"]
[WhiteElo "2445"]
[BlackElo "2450"]
[EventDate "1997.10.10"]
[PlyCount "57"]

1.d4 Nf6 2.Nf3 e6 3.g3 b6 4.Bg2 Bb7 5.O-O Be7 6.c4 O-O 7.Re1 Na6 8.Nc3 Ne4
9.Bd2 d5 10.cxd5 exd5 11.Ne5 c5 12.dxc5 Bxc5 13.Nd3 Bd4 14.Nb5 Bf6 15.a4 
Qe7 16.Be3 Rfd8 17.Bd4 Nac5 18.e3 Bxd4 19.Nxd4 Qf6 20.f3 Nxd3 21.Qxd3 Nc5 
22.Qd2 a5 23.Bf1 Ne6 24.Rac1 Rac8 25.Rxc8 Rxc8 26.Bh3 h6 27.Bxe6 fxe6 28.
f4 e5 29.fxe5 1/2-1/2

[Event "1st VAM op"]
[Site "Hoogeveen NED"]
[Date "1997.10.14"]
[Round "5.7"]
[White "De Jong, Migchiel"]
[Black "Van der Weide, Karel"]
[Result "1/2-1/2"]
[WhiteElo "2325"]
[BlackElo "2375"]
[EventDate "1997.10.10"]
[PlyCount "50"]

1.d4 Nf6 2.c4 g6 3.Nc3 Bg7 4.e4 d6 5.f4 O-O 6.Nf3 c5 7.d5 b5 8.cxb5 a6 9.
bxa6 Bxa6 10.Bxa6 Nxa6 11.O-O Qb6 12.Qe2 Nb4 13.Nd2 Qa6 14.Nc4 Rfb8 15.Bd2
Nc2 16.Rac1 Nd4 17.Qd3 Nd7 18.b3 Nb6 19.Rf2 Nxc4 20.bxc4 Qa3 21.Kh1 Rb2 
22.Qe3 Qa6 23.Qd3 Qa3 24.Qe3 Qa6 25.Qd3 Qa3 1/2-1/2

[Event "1st VAM op"]
[Site "Hoogeveen NED"]
[Date "1997.10.14"]
[Round "5.9"]
[White "Van Rijn, Wouter"]
[Black "De Boer, Sybolt"]
[Result "1-0"]
[WhiteElo "2235"]
[BlackElo "2290"]
[EventDate "1997.10.10"]
[PlyCount "35"]

1.e4 c5 2.Nf3 e6 3.d4 cxd4 4.Nxd4 Nf6 5.Bd3 Nc6 6.Be3 d5 7.Nxc6 bxc6 8.Nd2
Be7 9.O-O O-O 10.e5 Nd7 11.f4 Nc5 12.Bxh7+ Kxh7 13.Qh5+ Kg8 14.Rf3 f5 15.
Rh3 Rb8 16.Qg6 Ne4 17.Rh7 Bf6 18.Qh5 1-0

[Event "1st VAM op"]
[Site "Hoogeveen NED"]
[Date "1997.10.14"]
[Round "5.10"]
[White "Vogel, Jaap"]
[Black "Vedder, Richard"]
[Result "1/2-1/2"]
[WhiteElo "2285"]
[BlackElo "2255"]
[EventDate "1997.10.10"]
[PlyCount "170"]

1.Nf3 d6 2.d4 Bg4 3.c4 Bxf3 4.exf3 g6 5.Be2 Bg7 6.O-O Nd7 7.Nc3 Ngf6 8.f4 
e6 9.Bf3 Rb8 10.b4 O-O 11.Rb1 Ne8 12.c5 dxc5 13.bxc5 c6 14.Qa4 a6 15.Qc4 
Nc7 16.a4 Nf6 17.Ne2 Ncd5 18.Bd2 Qc7 19.Rb3 Nd7 20.Rc1 Rfc8 21.g3 b5 22.
cxb6 N7xb6 23.Qc2 Qd6 24.a5 Nd7 25.Rxb8 Qxb8 26.Rb1 Qd6 27.Qd3 Nc7 28.Qc4 
Nb5 29.Bb4 Qc7 30.Rc1 Nb8 31.Kg2 Rd8 32.Rd1 Bf8 33.Bxf8 Kxf8 34.Qc5+ Kg8 
35.Ra1 Qd6 36.Rc1 Qxc5 37.Rxc5 Rd6 38.h4 Kf8 39.h5 Ke7 40.Rc1 Kd7 41.hxg6 
hxg6 42.Rc4 Kc7 43.g4 Rd7 44.Kg3 Kd6 45.Nc3 Nxc3 46.Rxc3 Rb7 47.Be2 Rb4 
48.Bc4 Ra4 49.f5 gxf5 50.gxf5 exf5 51.Kf4 f6 52.Kxf5 Nd7 53.Ke4 Rxa5 54.
Rc2 Nb6 55.Bf7 Nd5 56.Bxd5 Rxd5 57.Rb2 Rb5 58.Ra2 a5 59.Ra3 Kc7 60.Kd3 Kb6
61.Kc2 Rf5 62.Rb3+ Ka6 63.f3 Rb5 64.Re3 Kb6 65.Re6 f5 66.f4 a4 67.Kc3 a3 
68.Re2 Ka5 69.Re8 Ka4 70.Re2 Rb3+ 71.Kc4 Rb2 72.Re8 Rc2+ 73.Kd3 Rc1 74.Kd2
Rf1 75.Kc3 Rf3+ 76.Kc4 Ka5 77.Ra8+ Kb6 78.Ra4 Kc7 79.Ra5 Rxf4 80.Kc5 Re4 
81.Ra7+ Kd8 82.Rxa3 f4 83.Kxc6 Rxd4 84.Kc5 Rd7 85.Rf3 Rf7 1/2-1/2

[Event "1st VAM op"]
[Site "Hoogeveen NED"]
[Date "1997.10.14"]
[Round "5.14"]
[White "Hofman, Ron"]
[Black "Azadmanesh, Moosa"]
[Result "1-0"]
[WhiteElo "2230"]
[BlackElo "2110"]
[EventDate "1997.10.10"]
[PlyCount "117"]

1.d4 Nf6 2.c4 c5 3.e3 g6 4.Nc3 Bg7 5.Nf3 b6 6.Be2 Bb7 7.d5 d6 8.O-O Na6 9.
e4 Nc7 10.Qc2 O-O 11.h3 a6 12.Bg5 Bc8 13.Rad1 Nfe8 14.Bd3 Bd7 15.Rfe1 b5 
16.b3 b4 17.Ne2 a5 18.Ng3 f6 19.Bc1 a4 20.Bb2 Qc8 21.Nh2 e5 22.Rf1 a3 23.
Bc1 Qd8 24.f4 Qe7 25.Rde1 Na6 26.Be2 Nec7 27.f5 Kf7 28.h4 Ke8 29.Bg4 Kd8 
30.Be3 Kc8 31.Qd2 Ne8 32.Bh3 Kb7 33.Nh1 gxf5 34.Bxf5 Bh8 35.g4 Bxf5 36.
Rxf5 Ng7 37.Rf2 Rg8 38.Ng3 Raf8 39.Bh6 Rf7 40.Ref1 Ne8 41.Kh1 Qd7 42.Nf5 
Nac7 43.Rg1 Ng7 44.Ng3 Kb6 45.Qe2 Nce8 46.Rgf1 Rgf8 47.Rf3 Kc7 48.R1f2 Kb6
49.Qf1 Kc7 50.Qh3 Kb6 51.Nhf1 Kc7 52.Kh2 Kb6 53.Ne3 Kc7 54.Qf1 Qd8 55.g5 
Kb7 56.Ng4 Rg8 57.Nxf6 Nxf6 58.Rxf6 Rd7 59.Rf8 1-0